[Event "38th World U20 ch"]
[Site "Yerevan ARM"]
[Date "1999.09.19"]
[Round "2.16"]
[White "Naumann, Alexander"]
[Black "Benkovic, Petar"]
[Result "1/2-1/2"]
[WhiteElo "2478"]
[BlackElo "2328"]
[EventDate "1999.09.18"]
[PlyCount "85"]

1.e4 c5 2.Nf3 d6 3.d4 cxd4 4.Nxd4 Nf6 5.Nc3 Nc6 6.Bc4 Qb6 7.Nb3 e6 8.Bf4 
Ne5 9.Be2 Bd7 10.Qd2 a6 11.O-O-O Qc7 12.f3 b5 13.Nd4 Nc4 14.Bxc4 Qxc4 15.
Nb3 b4 16.Ne2 e5 17.Bg5 a5 18.Kb1 Be6 19.Bxf6 gxf6 20.g4 h5 21.h3 h4 22.
Qd3 Qxd3 23.cxd3 Bh6 24.f4 a4 25.Nd2 d5 26.f5 Bc8 27.exd5 Bxd2 28.Rxd2 Bb7
29.d4 Bxd5 30.Re1 O-O-O 31.a3 bxa3 32.bxa3 Bb3 33.Kc1 Kb7 34.dxe5 Rxd2 35.
Kxd2 Rd8+ 36.Ke3 fxe5 37.Rc1 Rd1 38.g5 Rxc1 39.Nxc1 Kc6 40.Nd3 Kd6 41.Ne1 
Ke7 42.Nf3 f6 43.gxf6+ 1/2-1/2

[Event "38th World U20 ch"]
[Site "Yerevan ARM"]
[Date "1999.09.19"]
[Round "2.18"]
[White "Budnikov, Oleg"]
[Black "Zhang Pengxiang"]
[Result "0-1"]
[WhiteElo "2331"]
[BlackElo "2462"]
[EventDate "1999.09.18"]
[PlyCount "152"]

1.d4 Nf6 2.c4 e5 3.dxe5 Ng4 4.Bf4 Nc6 5.Nf3 Bb4+ 6.Nbd2 Qe7 7.e3 Ngxe5 8.
Nxe5 Nxe5 9.Be2 O-O 10.O-O Bxd2 11.Qxd2 d6 12.Rac1 b6 13.b4 Rd8 14.Qb2 c5 
15.Rfd1 f6 16.bxc5 bxc5 17.Bxe5 fxe5 18.Rd3 Bf5 19.Rb3 Qc7 20.Rd1 Rab8 21.
Qd2 Be6 22.Rxb8 Rxb8 23.f4 exf4 24.exf4 Rd8 25.Qe3 Bf7 26.Bd3 Re8 27.Qh3 
h6 28.Qf3 Qa5 29.Qf2 Qc3 30.h3 Bxc4 31.Bxc4+ Qxc4 32.Rxd6 Re4 33.Rd7 Rxf4 
34.Qg3 Rf7 35.Qb8+ Kh7 36.Qb1+ g6 37.Qb7 Qd4+ 38.Rxd4 Rxb7 39.Rc4 Rc7 40.
Kf2 Kg7 41.Ke3 Kf6 42.Ke4 Ke6 43.Rc2 Kd6 44.Rf2 Re7+ 45.Kd3 Kd5 46.Rf4 Re6
47.Ra4 a6 48.Rh4 g5 49.Rg4 Rf6 50.Ra4 h5 51.Ke3 Re6+ 52.Kd3 Rf6 53.Ke3 Rb6
54.h4 g4 55.Kd3 Rd6 56.Re4 Re6 57.Rf4 a5 58.Rf5+ Re5 59.Rf8 c4+ 60.Kd2 Kd4
61.Rd8+ Rd5 62.Rc8 Ke4+ 63.Ke2 Kf4 64.Rxc4+ Kg3 65.Ke3 Re5+ 66.Kd4 Rf5 67.
Rc2 Kxh4 68.Ke4 Rb5 69.Rc3 Rb2 70.g3+ Kh3 71.Ra3 a4 72.Kf4 Rg2 73.Kg5 Rxg3
74.Rxa4 h4 75.Kh5 Rc3 76.Rxg4 Rc5+ 0-1

[Event "38th World U20 ch"]
[Site "Yerevan ARM"]
[Date "1999.09.19"]
[Round "2.19"]
[White "Janssen, Ruud"]
[Black "Hansen, Torbjorn Ringdal"]
[Result "1-0"]
[WhiteElo "2448"]
[BlackElo "2259"]
[EventDate "1999.09.18"]
[PlyCount "93"]

1.Nf3 Nf6 2.c4 c5 3.Nc3 Nc6 4.d4 cxd4 5.Nxd4 g6 6.e4 Bg7 7.Be3 Ng4 8.Qxg4 
Nxd4 9.Qd1 Ne6 10.Rc1 b6 11.Bd3 Bb7 12.O-O O-O 13.Qd2 d6 14.b4 Qd7 15.Kh1 
Rac8 16.f4 f5 17.exf5 gxf5 18.Ne2 Nc7 19.Ng3 e6 20.Nh5 Bh8 21.Be2 Qf7 22.
Bd4 e5 23.Rc3 Qe6 24.fxe5 Bxe5 25.Bf3 Be4 26.Re1 Rce8 27.Bxe4 fxe4 28.Ng3 
b5 29.Rxe4 bxc4 30.Bxe5 dxe5 31.Rcxc4 Nd5 32.Rc5 Nf4 33.Qc2 Nh5 34.Rc7 Re7
35.Rxe7 Nxg3+ 36.hxg3 Qxe7 37.Qe2 Rf6 38.a3 Rf5 39.Qc4+ Kg7 40.Rg4+ Rg5 
41.Qc5 Qf6 42.Qxa7+ Kg6 43.Rh4 h5 44.Qe3 Qd6 45.Kh2 Rf5 46.Rc4 Rf6 47.b5 
1-0

[Event "38th World U20 ch"]
[Site "Yerevan ARM"]
[Date "1999.09.19"]
[Round "2.20"]
[White "Dovramadiev, Tikhomir"]
[Black "Peralta, Fernando"]
[Result "0-1"]
[WhiteElo "2254"]
[BlackElo "2433"]
[EventDate "1999.09.18"]
[PlyCount "70"]

1.e4 Nf6 2.d3 e5 3.Nf3 Nc6 4.c3 Be7 5.Qc2 O-O 6.g3 d5 7.Bg2 a5 8.a4 h6 9.
O-O Be6 10.Re1 Bc5 11.exd5 Bxd5 12.Nbd2 Ng4 13.Re2 f5 14.h3 Nxf2 15.Rxf2 
Bxf2+ 16.Kxf2 e4 17.dxe4 fxe4 18.Nxe4 Qe7 19.Ke3 Rae8 20.Nd4 Qg5+ 21.Kd3 
Bxe4+ 22.Bxe4 Ne5+ 23.Ke2 Qxg3 24.Be3 Nc4 25.Qd3 Nxe3 26.Qxe3 Rxe4 27.Qxe4
Rf2+ 28.Kd1 Qg1+ 29.Qe1 Rf1 30.Kd2 Qg2+ 31.Kd3 Qxh3+ 32.Kc4 Rxe1 33.Rxe1 
Qd7 34.b3 h5 35.Re5 h4 0-1

[Event "38th World U20 ch"]
[Site "Yerevan ARM"]
[Date "1999.09.19"]
[Round "2.22"]
[White "Perelshteyn, Eugene"]
[Black "Krejci, Jakub"]
[Result "1/2-1/2"]
[WhiteElo "2416"]
[BlackElo "2221"]
[EventDate "1999.09.18"]
[PlyCount "53"]

1.e4 c5 2.Nf3 e6 3.d4 cxd4 4.Nxd4 Nf6 5.Nc3 d6 6.g4 Nc6 7.g5 Nd7 8.Be3 Be7
9.Rg1 Nb6 10.a4 O-O 11.Be2 Na5 12.b3 d5 13.exd5 Nxd5 14.Nxd5 exd5 15.Qd2 
Nc6 16.h4 Re8 17.h5 Nxd4 18.Bxd4 Bf5 19.O-O-O Rc8 20.Bd3 Bxd3 21.Qxd3 
Bxg5+ 22.Kb1 Bf6 23.Qf5 Rc6 24.Bxf6 Qxf6 25.Rxd5 Qxf5 26.Rxf5 Re2 27.Rc1 
1/2-1/2

[Event "38th World U20 ch"]
[Site "Yerevan ARM"]
[Date "1999.09.19"]
[Round "2.24"]
[White "Svetuschin, Dumitru"]
[Black "Aranha Filho, Alvaro Zimmermann"]
[Result "1-0"]
[WhiteElo "2486"]
[BlackElo "2236"]
[EventDate "1999.09.18"]
[PlyCount "47"]

1.e4 c5 2.Nf3 e6 3.d3 d5 4.Qe2 Nf6 5.e5 Nfd7 6.g3 Nc6 7.Bg2 Qc7 8.Bf4 b5 
9.O-O Ba6 10.Re1 b4 11.h4 c4 12.dxc4 Bxc4 13.Qd1 Bc5 14.Nbd2 Nb6 15.Nb3 
Be7 16.Nfd4 Nxd4 17.Nxd4 Bc5 18.Nb3 Be7 19.Qg4 Kf8 20.Bg5 Bxb3 21.axb3 
Bxg5 22.hxg5 Qxc2 23.Qxb4+ Ke8 24.Rac1 1-0

[Event "38th World U20 ch"]
[Site "Yerevan ARM"]
[Date "1999.09.19"]
[Round "2.25"]
[White "Vuckovic, Bojan"]
[Black "Leskiewicz, Maksymilian"]
[Result "1-0"]
[WhiteElo "2433"]
[BlackElo "2206"]
[EventDate "1999.09.18"]
[PlyCount "85"]

1.e4 c5 2.Nf3 d6 3.d4 cxd4 4.Nxd4 Nf6 5.Nc3 a6 6.Bg5 e6 7.f4 Nc6 8.e5 h6 
9.Bh4 Nxd4 10.Qxd4 dxe5 11.Qxd8+ Kxd8 12.O-O-O+ Kc7 13.fxe5 g5 14.Bg3 Nh5 
15.Bf2 Bg7 16.Be2 Nf4 17.Bf3 Bxe5 18.Na4 g4 19.Bxg4 Nd5 20.Bf3 Bd7 21.Nb6 
Nxb6 22.Bxb6+ Kc8 23.c4 Bc6 24.Rd3 Bc7 25.c5 a5 26.Rhd1 Bb5 27.Rd4 f5 28.
a4 e5 29.axb5 exd4 30.Bxc7 Kxc7 31.b6+ Kc8 32.Re1 Kd7 33.Bxb7 Rab8 34.Bd5 
Rhc8 35.Be6+ Kc6 36.Bxc8 Rxc8 37.Re7 f4 38.Kd1 Kd5 39.Rc7 Rg8 40.b7 Ke4 
41.Rc8 Rxg2 42.b8=Q Rg1+ 43.Kc2 1-0

[Event "38th World U20 ch"]
[Site "Yerevan ARM"]
[Date "1999.09.19"]
[Round "2.26"]
[White "Gaprindashvili, Valerian"]
[Black "Korstin, Maris"]
[Result "1-0"]
[WhiteElo "2390"]
[BlackElo "2201"]
[EventDate "1999.09.18"]
[PlyCount "147"]

1.Nf3 d5 2.e3 Nf6 3.c4 c6 4.d4 Bg4 5.Nc3 e6 6.h3 Bh5 7.g4 Bg6 8.Ne5 Nbd7 
9.Nxg6 hxg6 10.cxd5 exd5 11.g5 Ng8 12.h4 Bd6 13.Bd3 Qe7 14.Qg4 O-O-O 15.
Bd2 Re8 16.O-O-O Qe6 17.Qxe6 Rxe6 18.f3 Ne7 19.e4 Bg3 20.Ne2 Bc7 21.b4 Nf8
22.a4 Rd6 23.e5 Rd8 24.Ng3 Ne6 25.Be3 a5 26.bxa5 Bxa5 27.f4 Bb6 28.Bc2 c5 
29.f5 gxf5 30.Nxf5 Nxf5 31.Bxf5 cxd4 32.Bxd4 Bxd4 33.Rxd4 g6 34.Bxe6+ fxe6
35.Rf1 Kd7 36.Kd2 Rh7 37.Rb4 Kc7 38.Rf6 d4 39.Rxe6 Rxh4 40.Rc4+ Kb8 41.Rd6
Re8 42.Rc5 Re4 43.Rxg6 R8xe5 44.Rxe5 Rxe5 45.Kd3 Ra5 46.Rg8+ Ka7 47.g6 
Rxa4 48.Rd8 Ra3+ 49.Ke4 Rg3 50.Kf5 d3 51.Kf6 Kb6 52.g7 Kc5 53.Rxd3 Rxd3 
54.g8=Q Rd6+ 55.Ke7 Rc6 56.Qg1+ Kb5 57.Qa7 b6 58.Qd7 Kc5 59.Qd3 Kb4 60.Kd7
Rc5 61.Qa6 b5 62.Qa2 Rc4 63.Kd6 Rc3 64.Qb2+ Kc4 65.Kc6 b4 66.Qe2+ Rd3 67.
Qc2+ Kd4 68.Qc5+ Ke4 69.Qxb4+ Rd4 70.Qe7+ Kd3 71.Qe6 Rc4+ 72.Kd5 Kc3 73.
Qe1+ Kb3 74.Qb1+ 1-0

[Event "38th World U20 ch"]
[Site "Yerevan ARM"]
[Date "1999.09.19"]
[Round "2.27"]
[White "Lopez Martinez, Josep Manuel"]
[Black "Labollita, Martin"]
[Result "1-0"]
[WhiteElo "2378"]
[BlackElo "2199"]
[EventDate "1999.09.18"]
[PlyCount "55"]

1.c4 c5 2.Nf3 Nc6 3.g3 g6 4.Bg2 Bg7 5.O-O Nf6 6.d4 O-O 7.Nc3 d6 8.dxc5 
dxc5 9.Be3 Be6 10.Qa4 Nd4 11.Rad1 Bd7 12.Qa3 Nc2 13.Qxc5 b6 14.Qg5 h6 15.
Qh4 Nxe3 16.fxe3 Ng4 17.Nd5 g5 18.Nxg5 hxg5 19.Qxg5 Nf6 20.Qh4 Rc8 21.Be4 
Re8 22.Bf5 Bxf5 23.Rxf5 Nxd5 24.Rdxd5 Qc7 25.Rg5 e6 26.Rxg7+ Kxg7 27.Rg5+ 
Kf8 28.Rh5 1-0

[Event "38th World U20 ch"]
[Site "Yerevan ARM"]
[Date "1999.09.19"]
[Round "2.28"]
[White "Fantin, Ludwig"]
[Black "Starostits, Ilmars"]
[Result "1/2-1/2"]
[WhiteElo "2184"]
[BlackElo "2358"]
[EventDate "1999.09.18"]
[PlyCount "69"]

1.e4 e5 2.Nf3 Nc6 3.d4 exd4 4.Nxd4 Bc5 5.Nxc6 Qf6 6.Qd2 dxc6 7.Nc3 Be6 8.
Na4 Bd6 9.Bd3 b5 10.Qc3 Rd8 11.Qxf6 Nxf6 12.Nc3 Ng4 13.h3 Ne5 14.Be2 f6 
15.O-O O-O 16.Kh1 Rfe8 17.f4 Nc4 18.b3 Bb4 19.Nb1 Nd6 20.Bf3 Bf7 21.e5 Nf5
22.Kh2 Nd4 23.Bd1 fxe5 24.c3 Bc5 25.b4 Bb6 26.a4 Bc4 27.Re1 exf4 28.Rxe8+ 
Rxe8 29.a5 Re1 30.axb6 axb6 31.cxd4 Rxd1 32.Bxf4 Kf7 33.Bxc7 Bd3 34.Bxb6 
Rxb1 35.Rxb1 1/2-1/2

[Event "38th World U20 ch"]
[Site "Yerevan ARM"]
[Date "1999.09.19"]
[Round "2.29"]
[White "Berg, Emanuel"]
[Black "Guid, Matej"]
[Result "1/2-1/2"]
[WhiteElo "2348"]
[BlackElo "2185"]
[EventDate "1999.09.18"]
[PlyCount "114"]

1.e4 e6 2.d4 d5 3.Nc3 Bb4 4.Ne2 b6 5.a3 Be7 6.exd5 exd5 7.Nf4 Nf6 8.Qf3 
Bg4 9.Qg3 Bf5 10.Bd3 Bxd3 11.Qxd3 c6 12.Bd2 O-O 13.f3 Re8 14.O-O-O b5 15.
g4 Nfd7 16.Nce2 a5 17.Ng3 Nb6 18.Rde1 b4 19.a4 Nxa4 20.Nf5 Bf8 21.Rxe8 
Qxe8 22.Re1 Qd8 23.Nxd5 cxd5 24.Qb5 Nd7 25.Qxa4 Nb6 26.Qb5 Nc4 27.Ne3 Nxe3
28.Rxe3 Rb8 29.Qa4 g6 30.Kb1 Bg7 31.Rd3 Qb6 32.Bf4 Rc8 33.Qd7 Qc6 34.Qxc6 
Rxc6 35.Be5 Re6 36.f4 f6 37.f5 Re7 38.Bg3 Re2 39.Rd1 Bh6 40.Re1 Rxe1+ 41.
Bxe1 Be3 42.Ka2 gxf5 43.gxf5 Bxd4 44.Kb3 Kg7 45.Ka4 Bxb2 46.Kxa5 Kh6 47.
Kxb4 Kg5 48.Kc5 d4 49.Bf2 d3 50.cxd3 Kxf5 51.Kd5 h5 52.d4 Kg4 53.Ke6 Kf3 
54.Bg1 Kg2 55.h4 Kxg1 56.Kxf6 Bxd4+ 57.Kg5 Bf2 1/2-1/2

[Event "38th World U20 ch"]
[Site "Yerevan ARM"]
[Date "1999.09.19"]
[Round "2.31"]
[White "Rizouk, Aimen"]
[Black "Pinter, Erik"]
[Result "1-0"]
[WhiteElo "2312"]
[BlackElo "2163"]
[EventDate "1999.09.18"]
[PlyCount "81"]

1.e4 c5 2.c3 d5 3.exd5 Qxd5 4.d4 e6 5.Nf3 Nf6 6.Bd3 cxd4 7.cxd4 Be7 8.Nc3 
Qd6 9.O-O O-O 10.a3 Nc6 11.Re1 b6 12.Be3 Bb7 13.Qe2 Rac8 14.Rad1 Nd5 15.
Ne4 Qb8 16.Bb1 Rfe8 17.Bc1 Nf4 18.Qe3 Nd5 19.Qd3 g6 20.Nfg5 Bf8 21.Qh3 h6 
22.Nxf7 Kxf7 23.Bxh6 Nf4 24.Bxf4 Qxf4 25.Qh7+ Bg7 26.g3 Qc7 27.Ng5+ Kf8 
28.Qxg6 Re7 29.Rxe6 Nd8 30.Qf5+ Ke8 31.Qg6+ Kf8 32.Qf5+ Ke8 33.Qb5+ Kf8 
34.Nh7+ Kg8 35.Nf6+ Kf7 36.Ne8 Qc1 37.Rxe7+ Kxe7 38.Qe2+ Ne6 39.Nxg7 Qxd1+
40.Qxd1 Nxd4 41.Nf5+ 1-0

[Event "38th World U20 ch"]
[Site "Yerevan ARM"]
[Date "1999.09.20"]
[Round "3.1"]
[White "Asrian, Karen"]
[Black "Chibukhchian, Artur"]
[Result "1-0"]
[WhiteElo "2575"]
[BlackElo "2413"]
[EventDate "1999.09.18"]
[PlyCount "115"]

1.e4 c5 2.Nf3 Nc6 3.d4 cxd4 4.Nxd4 Qc7 5.Nc3 e6 6.Be2 a6 7.O-O Nf6 8.Be3 
Bb4 9.Na4 Be7 10.Nxc6 bxc6 11.Nb6 Rb8 12.Nxc8 Qxc8 13.e5 Nd5 14.Bc1 Bc5 
15.c4 Ne7 16.b3 Qc7 17.Bb2 Ng6 18.Qd3 O-O 19.Qe4 Rfd8 20.g3 a5 21.Bd3 a4 
22.Bc2 d6 23.exd6 Rxd6 24.Rad1 axb3 25.axb3 Rbd8 26.Rxd6 Rxd6 27.Bc3 Qb6 
28.Kg2 f5 29.Qe2 Bd4 30.Bxd4 Qxd4 31.Rd1 Qc5 32.Bxf5 exf5 33.Qe8+ Nf8 34.
b4 Qxb4 35.Qe7 Rxd1 36.Qxb4 Rd7 37.Qc5 Rc7 38.Qxf5 Rf7 39.Qe5 Rf6 40.f4 
Re6 41.Qc7 g6 42.g4 h6 43.Kf3 Rf6 44.Kg3 Re6 45.f5 Rf6 46.Qe7 Rf7 47.f6 g5
48.Kf3 Nh7 49.Qe8+ Nf8 50.Qxc6 Nd7 51.Qa8+ Rf8 52.Qd5+ Rf7 53.Qa8+ Rf8 54.
Qd5+ Rf7 55.Kg3 Nxf6 56.Qe6 Kg7 57.c5 Rd7 58.Qe5 1-0

[Event "38th World U20 ch"]
[Site "Yerevan ARM"]
[Date "1999.09.20"]
[Round "3.2"]
[White "Kasimdzhanov, Rustam"]
[Black "Arutunian, David"]
[Result "1/2-1/2"]
[WhiteElo "2603"]
[BlackElo "2318"]
[EventDate "1999.09.18"]
[PlyCount "75"]

1.d4 d5 2.c4 c6 3.Nc3 dxc4 4.e4 b5 5.a4 b4 6.Na2 e6 7.Bxc4 Nf6 8.e5 Nd5 9.
Nf3 Be7 10.h4 h6 11.Rh3 Bb7 12.Bd2 a5 13.Nc1 Nd7 14.Nb3 Qb6 15.Rg3 g6 16.
Qc1 Bf8 17.Qc2 Ba6 18.Rc1 Bxc4 19.Qxc4 Rc8 20.Qd3 Qa7 21.Rg4 Be7 22.Qc2 
Qa6 23.Nc5 Nxc5 24.dxc5 Kd7 25.Nd4 Rcg8 26.Nb3 h5 27.Qc4 Qxc4 28.Rgxc4 g5 
29.hxg5 Bxg5 30.Kf1 Bd8 31.Nd4 Rg4 32.Nf3 Rhg8 33.g3 f5 34.exf6 Bxf6 35.b3
e5 36.Nh2 Rxc4 37.Rxc4 Ke6 38.Ke2 1/2-1/2

[Event "38th World U20 ch"]
[Site "Yerevan ARM"]
[Date "1999.09.20"]
[Round "3.3"]
[White "Peralta, Fernando"]
[Black "Bunzmann, Dimitrij"]
[Result "1/2-1/2"]
[WhiteElo "2433"]
[BlackElo "2596"]
[EventDate "1999.09.18"]
[PlyCount "28"]

1.d4 e6 2.c4 b6 3.a3 Bb7 4.Nc3 f5 5.d5 Be7 6.Nf3 Bf6 7.Nd4 Ne7 8.dxe6 O-O 
9.exd7 Qxd7 10.Nf3 Qe6 11.e3 Bxc3+ 12.bxc3 Na6 13.Be2 Rad8 14.Qc2 Nc5 
1/2-1/2

[Event "38th World U20 ch"]
[Site "Yerevan ARM"]
[Date "1999.09.20"]
[Round "3.5"]
[White "Iliushin, Alexei"]
[Black "Mchedlishvili, Mikheil"]
[Result "1-0"]
[WhiteElo "2527"]
[BlackElo "2441"]
[EventDate "1999.09.18"]
[PlyCount "97"]

1.d4 Nf6 2.c4 e6 3.Nc3 Bb4 4.e3 O-O 5.Ne2 Ne4 6.Bd2 Nxd2 7.Qxd2 d5 8.a3 
Be7 9.cxd5 exd5 10.g3 c6 11.Bg2 Nd7 12.O-O Nb6 13.b3 Re8 14.Qd3 a5 15.a4 
Bg5 16.h3 g6 17.g4 f5 18.f4 Bh4 19.g5 Qe7 20.Nd1 h6 21.gxh6 Be6 22.Kh2 Kh7
23.Ng1 Kxh6 24.Nf3 Bf6 25.Ra2 Kg7 26.Rg1 Rh8 27.Bf1 Rh6 28.Rag2 Nd7 29.Nf2
Bh4 30.Nd1 Nf6 31.Nxh4 Ng4+ 32.Rxg4 fxg4 33.Nxg6 Rxg6 34.f5 g3+ 35.Kh1 Rf8
36.fxe6 Qxe6 37.Bg2 Rh8 38.Rf1 Rxh3+ 39.Kg1 Rh5 40.Rf3 Qg4 41.Rf4 Qg5 42.
Nc3 Rh2 43.Qf5 Qe7 44.Rf3 Rh8 45.Ne2 Rf8 46.Qh3 Qd6 47.Qh5 Kg8 48.Rxf8+ 
Kxf8 49.Qf5+ 1-0

[Event "38th World U20 ch"]
[Site "Yerevan ARM"]
[Date "1999.09.20"]
[Round "3.7"]
[White "Aronian, Levon"]
[Black "Halkias, Stelios"]
[Result "1-0"]
[WhiteElo "2518"]
[BlackElo "2406"]
[EventDate "1999.09.18"]
[PlyCount "51"]

1.Nf3 c5 2.c4 e6 3.Nc3 d5 4.cxd5 exd5 5.d4 Nc6 6.g3 Nf6 7.Bg2 Be7 8.O-O 
O-O 9.b3 Ne4 10.Bb2 Bf6 11.Na4 Re8 12.Rc1 b6 13.dxc5 Bxb2 14.Nxb2 Nxc5 15.
Nd3 Ba6 16.Nf4 g5 17.Nd3 Nxd3 18.Rxc6 Nb4 19.Rh6 Kg7 20.Rh5 h6 21.Nd4 Qf6 
22.f4 Nd3 23.Qa1 Kg8 24.fxg5 Qg6 25.Nf5 Ne5 26.Nxh6+ 1-0

[Event "38th World U20 ch"]
[Site "Yerevan ARM"]
[Date "1999.09.20"]
[Round "3.8"]
[White "Marcelin, Cyril"]
[Black "Dervishi, Erald"]
[Result "1/2-1/2"]
[WhiteElo "2395"]
[BlackElo "2496"]
[EventDate "1999.09.18"]
[PlyCount "79"]

1.e4 e5 2.Nf3 Nc6 3.Bc4 Nf6 4.d3 Be7 5.O-O O-O 6.Bb3 d5 7.exd5 Nxd5 8.h3 
a5 9.a3 Nd4 10.Ba2 Nf4 11.Bxf4 exf4 12.c3 Nf5 13.d4 c5 14.d5 b5 15.a4 bxa4
16.Qxa4 Qb6 17.Qc2 Nd6 18.Na3 Bf5 19.Qd2 Rab8 20.Rfe1 Bf6 21.Re2 Qa6 22.
Bb1 Bxb1 23.Rxb1 Rb3 24.Ne5 Bxe5 25.Rxe5 Qb6 26.Ree1 f3 27.gxf3 h6 28.Qf4 
Rb8 29.Nc4 Nxc4 30.Qxc4 Qg6+ 31.Qg4 Qd6 32.c4 a4 33.Ra1 Qa6 34.Re2 R3b6 
35.Kh1 Rxb2 36.Rxb2 Rxb2 37.Rxa4 Qxa4 38.Qc8+ Kh7 39.Qf5+ Kg8 40.Qc8+ 
1/2-1/2

[Event "38th World U20 ch"]
[Site "Yerevan ARM"]
[Date "1999.09.20"]
[Round "3.12"]
[White "Mallahi, Amir"]
[Black "Janssen, Ruud"]
[Result "1/2-1/2"]
[WhiteElo "2317"]
[BlackElo "2448"]
[EventDate "1999.09.18"]
[PlyCount "66"]

1.e4 c6 2.d4 d5 3.exd5 cxd5 4.c4 Nf6 5.Nc3 e6 6.Nf3 Bb4 7.cxd5 Nxd5 8.Bd2 
Nc6 9.Bd3 O-O 10.O-O Be7 11.a3 Bf6 12.Be3 g6 13.Qe2 Nxe3 14.fxe3 Bg7 15.
Rad1 Bd7 16.Ne4 Qe7 17.Bb1 Rad8 18.h4 Be8 19.b4 h6 20.h5 gxh5 21.b5 Nb8 
22.a4 f5 23.Nc5 e5 24.Ne6 e4 25.Nxd8 exf3 26.Qc4+ Kh8 27.Rxf3 Qxd8 28.Bxf5
Nd7 29.Rdf1 Nb6 30.Qe2 Nd5 31.Kh1 Qh4+ 32.Bh3 Rg8 33.e4 Ne7 1/2-1/2

[Event "38th World U20 ch"]
[Site "Yerevan ARM"]
[Date "1999.09.20"]
[Round "3.13"]
[White "Pinski, Jan"]
[Black "Brulic, Denis"]
[Result "1-0"]
[WhiteElo "2444"]
[BlackElo "2121"]
[EventDate "1999.09.18"]
[PlyCount "49"]

1.e4 c5 2.Nf3 Nc6 3.c3 Qa5 4.g3 g6 5.Bg2 Bg7 6.O-O e5 7.d3 Nge7 8.Nbd2 b5 
9.a4 Rb8 10.Nb3 Qb6 11.a5 Qc7 12.Nxc5 Nxa5 13.b4 d6 14.Rxa5 dxc5 15.Be3 
cxb4 16.Rxa7 Qxc3 17.Qb1 Be6 18.Rc1 Qb3 19.Qxb3 Bxb3 20.Bc5 Nc8 21.Rc7 Bh6
22.Be3 Bxe3 23.Rxc8+ Ke7 24.R8c7+ Kf6 25.fxe3 1-0

[Event "38th World U20 ch"]
[Site "Yerevan ARM"]
[Date "1999.09.20"]
[Round "3.14"]
[White "Petrosian, Davit Gevorgi"]
[Black "Svetuschin, Dumitru"]
[Result "0-1"]
[WhiteElo "2309"]
[BlackElo "2486"]
[EventDate "1999.09.18"]
[PlyCount "50"]

1.e4 c6 2.d4 d5 3.e5 c5 4.dxc5 Nc6 5.Bf4 e6 6.c3 Nge7 7.Nf3 Ng6 8.Bg3 Bxc5
9.b4 Bb6 10.Bd3 a5 11.b5 Nce7 12.a4 Nf5 13.O-O O-O 14.Qd2 Nxg3 15.hxg3 f6 
16.exf6 Qxf6 17.Na3 Ne5 18.Nxe5 Qxe5 19.Qc2 Rf6 20.Ra2 Rh6 21.Rd1 Bd7 22.
c4 Rf8 23.c5 Qh5 24.f3 Bc7 25.f4 Bxf4 0-1

[Event "38th World U20 ch"]
[Site "Yerevan ARM"]
[Date "1999.09.20"]
[Round "3.15"]
[White "Gershon, Alik"]
[Black "Rizouk, Aimen"]
[Result "1-0"]
[WhiteElo "2492"]
[BlackElo "2312"]
[EventDate "1999.09.18"]
[PlyCount "84"]

1.d4 Nf6 2.c4 e6 3.Nc3 d5 4.Bg5 Be7 5.cxd5 exd5 6.Qc2 O-O 7.e3 Nbd7 8.Bd3 
b6 9.Nge2 Bb7 10.f3 Re8 11.O-O c5 12.Bh4 a6 13.Bf2 b5 14.dxc5 Bxc5 15.Nd4 
Ne5 16.b3 Rc8 17.Bf5 Rc7 18.Qb2 Qe7 19.Rad1 Ba3 20.Qa1 Nc6 21.Nc2 Bd6 22.
f4 g6 23.Bh4 Nb4 24.Ne4 dxe4 25.Bxf6 Rxc2 26.Bxe7 Bxe7 27.Bd7 Rf8 28.Qe5 
Bc5 29.f5 Bxe3+ 30.Kh1 Nd3 31.Qe7 Nf2+ 32.Rxf2 Bxf2 33.Be8 Bd5 34.h4 Bg3 
35.fxg6 hxg6 36.Qg5 e3 37.Bxf7+ Rxf7 38.Qxg6+ Kh8 39.Qxc2 Rf4 40.Qc3+ Kh7 
41.Qxe3 Rxh4+ 42.Kg1 Bh2+ 1-0

[Event "38th World U20 ch"]
[Site "Yerevan ARM"]
[Date "1999.09.20"]
[Round "3.17"]
[White "Benkovic, Petar"]
[Black "Vuckovic, Bojan"]
[Result "1-0"]
[WhiteElo "2328"]
[BlackElo "2433"]
[EventDate "1999.09.18"]
[PlyCount "83"]

1.Nf3 Nf6 2.g3 d5 3.Bg2 Bg4 4.O-O c6 5.d3 Nbd7 6.Nbd2 e5 7.h3 Bh5 8.e4 
dxe4 9.dxe4 Bxf3 10.Qxf3 Bc5 11.Rd1 O-O 12.Nc4 Qc7 13.a4 Rfe8 14.Bd2 a5 
15.b3 Bf8 16.Qe2 Nc5 17.Bc3 Nfd7 18.h4 b6 19.Rd2 Rad8 20.Bh3 f6 21.Rad1 
Nb8 22.Kg2 Rxd2 23.Rxd2 Rd8 24.f3 Be7 25.Rxd8+ Qxd8 26.Ne3 g6 27.h5 Bd6 
28.hxg6 hxg6 29.Ng4 Nbd7 30.Qc4+ Kg7 31.Bd2 Qg8 32.Qc3 Qe8 33.Qe3 Kf7 34.
Nh6+ Ke7 35.Qc3 Kd8 36.Qc4 Kc7 37.c3 Kb7 38.Be3 Na6 39.Qd3 Qe7 40.Ng8 Ndc5
41.Nxe7 Nxd3 42.Bc8+ 1-0

[Event "38th World U20 ch"]
[Site "Yerevan ARM"]
[Date "1999.09.20"]
[Round "3.19"]
[White "Bucinskas, Valdas"]
[Black "Pert, Nicholas"]
[Result "1-0"]
[WhiteElo "2248"]
[BlackElo "2425"]
[EventDate "1999.09.18"]
[PlyCount "131"]

1.e4 e6 2.d4 d5 3.exd5 exd5 4.Bd3 Nc6 5.c3 Bd6 6.Qf3 Be6 7.Bf4 Nf6 8.h3 
O-O 9.Ne2 Ne4 10.O-O f5 11.Bxd6 Qxd6 12.Qf4 Qe7 13.h4 h6 14.f3 g5 15.hxg5 
hxg5 16.Qc1 Nd6 17.f4 g4 18.Qe3 Nc4 19.Qc1 Rf6 20.b3 Nd6 21.Qe3 Rh6 22.Nd2
Kf7 23.Ng3 Re8 24.Rfe1 Qf6 25.Ndf1 Rh4 26.Bc2 b5 27.a3 a5 28.b4 Rhh8 29.
Rad1 Re7 30.Qc1 Ra8 31.Ne3 Qh4 32.Kf2 Qh6 33.Nexf5 Bxf5 34.Bxf5 Qf6 35.Bb1
axb4 36.axb4 Rae8 37.Rh1 Re3 38.Nf1 Re2+ 39.Kg1 Ne4 40.Rh5 Ne7 41.Bd3 Ra2 
42.Bxe4 dxe4 43.Qb1 Re2 44.Ng3 Re3 45.Nxe4 Qg6 46.Re5 Kf8 47.Re1 Rxe1+ 48.
Qxe1 Nc6 49.Rxe8+ Qxe8 50.Kf2 Qf7 51.Kg3 Ne7 52.Ng5 Nf5+ 53.Kxg4 Nh6+ 54.
Kg3 Nf5+ 55.Kf2 Qh5 56.Qe6 Nd6 57.Qh3 Qg6 58.Qd7 Qc2+ 59.Kg3 Ne4+ 60.Nxe4 
Qxe4 61.Qd8+ Kf7 62.Qxc7+ Kf8 63.f5 Kg8 64.Qf4 Qe1+ 65.Kh2 Qxc3 66.Qg3+ 
1-0

[Event "38th World U20 ch"]
[Site "Yerevan ARM"]
[Date "1999.09.20"]
[Round "3.24"]
[White "Krejci, Jakub"]
[Black "Vajda, Levente"]
[Result "0-1"]
[WhiteElo "2221"]
[BlackElo "2462"]
[EventDate "1999.09.18"]
[PlyCount "66"]

1.e4 c5 2.Nf3 d6 3.d4 cxd4 4.Nxd4 Nf6 5.Nc3 a6 6.Be3 e5 7.Nf3 Be6 8.Ng5 b5
9.Nxe6 fxe6 10.Qf3 Be7 11.O-O-O Qd7 12.g4 O-O 13.Qh3 b4 14.Nb1 Nxe4 15.Qg2
Qc6 16.h4 d5 17.f3 Nc5 18.Bxc5 Bxc5 19.Nd2 a5 20.Bd3 a4 21.Kb1 a3 22.b3 
Bd4 23.c4 bxc3 24.Nf1 e4 25.Bxe4 dxe4 26.Rxd4 exf3 27.Qc2 f2 28.Rh2 Qb5 
29.Rc4 Nc6 30.Rxf2 Nb4 31.Qe4 Rxf2 32.Qxa8+ Rf8 33.Qh1 Qd5 0-1

[Event "38th World U20 ch"]
[Site "Yerevan ARM"]
[Date "1999.09.20"]
[Round "3.25"]
[White "Budnikov, Oleg"]
[Black "Khamrakulov, Ibragim"]
[Result "0-1"]
[WhiteElo "2331"]
[BlackElo "2383"]
[EventDate "1999.09.18"]
[PlyCount "84"]

1.d4 Nf6 2.c4 g6 3.Nc3 d5 4.Nf3 Bg7 5.Bg5 Ne4 6.cxd5 Nxg5 7.Nxg5 c6 8.dxc6
Nxc6 9.d5 e6 10.dxc6 Qxg5 11.cxb7 Bxb7 12.Qa4+ Kf8 13.e3 Qc5 14.Qb3 Rd8 
15.Rc1 Ba8 16.a3 a5 17.Qc2 Ke7 18.Nd1 Qxc2 19.Rxc2 Rc8 20.Rd2 Rc1 21.f3 
Rb8 22.Kf2 Rd8 23.Rxd8 Kxd8 24.Bb5 Bxb2 25.a4 Rc2+ 26.Kg3 Be5+ 27.Kh3 f5 
28.Rf1 Ke7 29.Nf2 g5 30.Bd3 Ra2 31.Rc1 Kd6 32.Bc2 h5 33.f4 gxf4 34.e4 Bd4 
35.e5+ Kxe5 36.Nd3+ Kf6 37.Nxf4 Be3 38.Nxh5+ Kg5 39.Re1 Rxc2 40.Rxe3 Kxh5 
41.Rxe6 Rc3+ 42.g3 Rc2 0-1

[Event "38th World U20 ch"]
[Site "Yerevan ARM"]
[Date "1999.09.20"]
[Round "3.26"]
[White "Starostits, Ilmars"]
[Black "Dovramadiev, Tikhomir"]
[Result "1-0"]
[WhiteElo "2358"]
[BlackElo "2254"]
[EventDate "1999.09.18"]
[PlyCount "143"]

1.e4 c5 2.Nf3 Nc6 3.d4 cxd4 4.Nxd4 g6 5.Nxc6 bxc6 6.Qd4 f6 7.Bc4 Ba6 8.
Bxa6 Qa5+ 9.Nc3 Qxa6 10.h4 Nh6 11.Bf4 d6 12.Qd2 Nf7 13.Be3 f5 14.f4 Bg7 
15.Bd4 Bxd4 16.Qxd4 Qb6 17.O-O-O Rb8 18.b3 Qxd4 19.Rxd4 c5 20.Ra4 Rb7 21.
Re1 fxe4 22.Raxe4 Nd8 23.Nd5 e6 24.Ne3 Rf8 25.g3 Kd7 26.Rd1 Kc7 27.Ng4 Rb4
28.Re2 Rb6 29.Nf2 Rf5 30.Ne4 h6 31.c4 a6 32.Red2 Nf7 33.Rf2 Nd8 34.Rdd2 h5
35.Rd1 Rf8 36.Ng5 Kd7 37.Re2 Rf6 38.Red2 Rf5 39.Kb2 Nf7 40.Ne4 Rc6 41.Ka3 
Ke7 42.Ka4 Kd7 43.b4 cxb4 44.c5 d5 45.Kxb4 Kc7 46.Nc3 a5+ 47.Kxa5 Rxc5+ 
48.Kb4 Rc4+ 49.Kb3 Nd6 50.Rd4 Rf8 51.Rxc4+ Nxc4 52.Nb5+ Kd7 53.a4 Rc8 54.
Kb4 Ne3 55.Rd2 Rc4+ 56.Ka5 Nf5 57.Rd3 Kc6 58.Na3 Rc5+ 59.Kb4 Kb6 60.Rd2 
Nd6 61.Re2 Ne4 62.a5+ Kc6 63.Re1 Kd6 64.Nb5+ Kc6 65.Nd4+ Kd6 66.a6 Rc4+ 
67.Ka5 Rxd4 68.a7 Nc5 69.Ra1 Nb3+ 70.Kb5 Nxa1 71.a8=Q Rd1 72.Qd8# 1-0